00845nam a2200205 a 450000100100000000500170001000800410002704000250006808200190009310000240011224000480013624501390018426000700032349000570039350400320045065100420048270000300052470000280055483000570058200003574220200930074557.0111109s1963 ag 000 0 spa d aDO-SdBNPbspacBNPHU a323.198bF352e1 aFerguson, J. Halcro10aLatin America the balance of race redressed13aEl equilibrio racial en América Latina. /cJ. Halcro Ferguson ; traducida por el doctor Horacio Martínez ; prólogo Philip Mason. aBuenos Aires :bEditorial Universitaria de Buenos Aires :,c1963.1 aBiblioteca de América; Libros del tiempo nuevov17 aBibliografía : p. 125-127 4aAmérica LatinaxRelaciones Raciales12aMartínez, Horacio,etr.12aMason, Philip,epról. 0aBiblioteca de América; Libros del tiempo nuevov17